Adivinhas (Registo nº 4327)
[ vista simples ]
| 000 -Etiqueta do registo | |
|---|---|
| Cabeçalho | 00535nam a2200205 4500 |
| 005 - Identificador da versão | |
| Campo de controlo | 20240813122058.0 |
| 010 ## - Número internacional normalizado dos livros (ISBN) | |
| Número (ISBN) | 97898950 |
| 021 ## - Número do Depósito Legal | |
| Código do país | PT |
| Número | 315706/10 |
| 100 ## - Dados gerais de processamento | |
| Dados gerais de processamento | 20000214d2010 c y0pory5003 ba |
| 102 ## - Pais de publicação ou produção | |
| País de publicação | Portugal |
| 101 0# - Língua de publicação | |
| Língua do texto, banda sonora, etc. | Português |
| 215 ## - Descrição física | |
| Indicação específica da natureza do documento e extensão da espécie | 43, [5] p. : principalmente il |
| 200 1# - Titulo e menção de responsabilidade | |
| Título próprio | Adivinhas |
| Primeira menção de responsabilidade | il. Maria Fe Quesada |
| 225 1# - Colecção | |
| Título próprio da colecção | Montanha encantada |
| Número de uma parte ou secção | Primeiros leitores |
| 210 ## - Publicação, Distribuição, etc. | |
| Lugar da edição, distribuição, etc. | Rio de Mouro |
| Nome do editor, distribuidor, etc. | Everest Editora |
| Data da publicação, distribuição, etc. | 2010 |
| 701 #1 - Nome de autor-pessoa física (co-responsabilidade principal) | |
| Palavra de ordem | Quesada |
| Outra parte do nome não tomada para palavra de ordem | Maria Fe |
| Código de função | Ilustrador / Técnico de desenho computorizado |
| 942 ## - Elementos de entrada adicionados (Koha) | |
| Tipo de item no Koha | Livro |
| Situação do levantamento | Origin of item (home branch) (coded) | Biblioteca de empréstimo | Código de barras | Cota | Circulation type (not for loan) | Tipo de documento | Nota do exemplar | Damaged status |
|---|---|---|---|---|---|---|---|---|
| Biblioteca Escolar das Vendas | Biblioteca Escolar das Vendas | BEV2410 | 8POR QUE | Livro | Sem mensagem | |||
| Biblioteca Escolar das Vendas | Biblioteca Escolar das Vendas | BEV2465 | 8POR QUE | Livro | Sem mensagem |
